Statistics for US Presidents Who Died the Same Year

Click here to take the quiz!

General Stats

  • This quiz has been taken 11 times
  • The average score is 5 of 6

Answer Stats

President Birth Death Presidency % Correct
Thomas JeffersonApr 13, 1743Jul 4, 1826Mar 4, 1801 – Mar 4, 1809
100%
John AdamsOct 30, 1735Jul 4, 1826Mar 4, 1797 – Mar 4, 1801
89%
Benjamin HarrisonAug 20, 1833Mar 13, 1901Mar 4, 1889 – Mar 4, 1893
89%
William McKinleyJan 29, 1843Sep 14, 1901Mar 4, 1897 – Sep 14, 1901
89%
John TylerMarch 29, 1790January 18, 1862April 4, 1841 – March 4, 1845
78%
Martin Van BurenDec 5, 1782Jul 24, 1862Mar 4, 1837 – Mar 4, 1841
78%

Score Distribution

Percentile by Number Answered

Percent of People with Each Score

Your Score History

You have not taken this quiz